000 00682nam a2200193 a 4500
001 000040567
005 20201002034223.0
008 130902s2010 sp 000 0 spa d
020 _a9788449317514
040 _aDO-SdBNP
_bspa
_cBNPHU
100 1 _aCassany, Daniel
_966889
245 1 0 _aDescribir el escribir :
_bcómo se aprende a escribir /
_cDaniel Cassany ; traducción Pepa Comas.
260 _aBarcelona :
_bPaidós Comunicación,
_c2010.
300 _a232 p. ;
_c22 cm.
500 _aNueva ed., rev. 1ª ed., 17ª imp.
500 _aIncluye referencias bibliográficas y notas al pie de las páginas
504 _aBibliografía : p. 225-232
700 1 _aComas, Pepa
_966890
999 _c40057
_d40057